000 00714nam a2200229 4500
003 OSt
005 20260601193844.0
008 260420b1988 nywa|||| |||| 00| 0 eng d
040 _aICI
_bspa
_cICI
050 _aNK1396.P66
_bD47 1988
100 1 _aJohn Tackara
_931191
245 1 _aDesign after modernism :
_bBeyond the object /
_cEd. by John thackara
264 _bThames and Hudson,
_c1988
_a [new york] :
300 _a240 páginas
_bilustraciones
_c23 cm.
336 _atexto
_2rdacontent
337 _asin medio
_2rdamedia
338 _avolumen
_2rdacarrier
650 _aDiseño
_xHistoria
_ySiglo XX
_93189
650 _a Postmodernismo
_93190
700 _aThackara, John,
_eeditor
_919125
942 _2lcc
_cB
999 _c21571
_d21571